000 00428nam a2200157Ia 4500
008 230711s9999||||xx |||||||||||||| ||und||
041 _aENG
082 _a666
_bBU-I
100 _aBureau of Indian Standard
245 0 _aSI : 4031 Pt 14
_bHydralic cement method of physical tets Pt 14
250 _a1st
260 _c1989
_aNew Delhi
_bBureau of Indian Standard
300 _a4
650 _aMechanical Engineering
942 _cBK
999 _c1595
_d1595